| 000 | 00856nam a2200265 i 4500 | ||
|---|---|---|---|
| 001 | bg | ||
| 100 | 1 | _aMAJEWSKI, Jerzy. | |
| 245 | 1 | 0 |
_aMetrologia eksploatacyjna statku. _nCz. 3, _pUrządzenia, systemy, pomiary / _cJerzy Majewski. |
| 250 | _a[Wyd. 2]. | ||
| 260 |
_aGdynia : _bWydaw. Uczelniane WSM - Wyższej Szkoły Morskiej, _c1997. |
||
| 300 |
_a268 s. : _brys., wykr. ; _c21 cm. |
||
| 504 | _aBibliogr. s. 264-268. | ||
| 650 | 9 |
_aDiagnostyka techniczna _xzagadnienia |
|
| 650 | 9 | _aPrzyrządy pomiarowe | |
| 650 | 9 |
_aStatki _xobsługa i eksploatacja |
|
| 650 | 9 |
_aStatki _xurządzenia _xbadanie |
|
| 655 | _aPodręczniki akademickie | ||
| 020 | _a8386703539 (3 cz.) | ||
| 040 | _cBPK | ||
| 041 | 0 | _apl | |
| 080 | _a629.123:389:681.2](075.8) | ||
| 920 | _a83-86703-53-9 (3 cz.) | ||
| 942 | _cKS | ||
| 008 | s pl f |000 0 pol | ||
| 999 |
_c31694 _d31694 |
||
| 856 |
_uhttp://koha.tu.koszalin.pl/cgi-bin/koha/opac-detail.pl?biblionumber=31694 _yKatalog online BPK |
||